| 000 | 00929nam a22002177a 4500 | ||
|---|---|---|---|
| 999 |
_c12504 _d12504 |
||
| 003 | AR-CdUCM | ||
| 008 | 190409b ||||| |||| 00| 0 spa d | ||
| 040 |
_aMUNICIPALIDAD PROVINCIAL DEL CUSCO _cBIBLIOTECA MUNICIPAL DEL CUSCO |
||
| 082 |
_a498.51 / _bAN634 |
||
| 110 |
_aMunicipalidad Provincial del Cusco _95084 |
||
| 245 |
_aQosqo qhechwasimipi akllasqa rimaykuna / _aAntología Quechua del Cusco / |
||
| 260 |
_aCusco : _bMunicipalidad del Cusco, _c2011. |
||
| 300 |
_a373 páginas ; _bFotografías, ilustraciones, _c25 cm.. |
||
| 500 | _aLibro traducido paralelamente al quechua. | ||
| 505 | _aContenido: Kawsaymanta willaykunawan chaskisimiwan willakuykunawan-Narrativa oral -- Sirmunkunawan kunasqakunawan yachanapaq qillqasqakunawan-Sermones,discursos y ensayos ... | ||
| 650 |
_aLengua nativa _918276 |
||
| 650 |
_aQuechua _92063 |
||
| 650 |
_aCusco-Perú _913542 |
||
| 942 |
_2ddc _cLIBROS |
||
| 945 |
_acmm _d2019-04-09 |
||